000 00885nam a2200229Ia 4500
001 15583
003 GE_BSU
008 181216s||||||||xx |||||||||||||| ||und||
040 _cGE_BSU
080 _a94(479.22)"1941-1945
100 _aჩხარტიშვილი, სერგო
245 _aბერლინზე გავლით
245 _bდოკუმ. მოთხრობა დიდ სამამულო ომზე
245 _cრედ.ზ.მოლაშხია. მხატვ. ვლ.გრიგოლია
260 _aთბილისი
260 _bსაბჭ. საქართველო
260 _c1974
300 _a331გვ. 20სმ.
653 _aბერლინზე გავლით
653 _aდოკუმ. მოთხრობა დიდ სამამულო ომზე
942 _cBK
999 _c48683
_d48683